00398nam a2200121Ia 4500008004100000245010200041260003500143260000900178300001000187650001800197650001500215856004600230170221s9999 xx 000 0 und d aSpeaking the Language of Love: On Whether Chapman’s (1992) Claims Stand Up to Empirical Testing bThe Open Communication Journal c2016 a5 : 3 xCommunication xMedia Arts uhttps://benthamopen.com/TOCOMMJ/VOLUME/7/